000 00796cab a2200253 4500
001 ABS45404
008 090401t1991 xxu||||| |||| 00| 0 eng d
035 _a(Sirsi) u52732
041 _aeng
100 _aPoole, A.L.
245 _aRoof slates and tiles - the cheaper alternatives to the real thing
260 _c1991
350 _a0
490 _aStructural Survey
_v16 (2) AUTUMN 1991, 123-126(4)
520 _aDiscusses suitable substitutes for slating and traditional roofing tiles pointing to factors such as cost and durability.
650 _aBUILT ENVIRONMENT-BUILDING MATERIALS
650 _aLIFE EXPECTANCY
650 _aROOFING MATERIALS
650 _aSLATES
650 _aTILES
690 _aBUILT ENVIRONMENT-BUILDING MATERIALS
942 _n0
948 _c04/03/1997
999 _c32575
_d32575